| 000 | 00676cam a2200229 4500 | ||
|---|---|---|---|
| 008 | 020917n2002 000 0 eng u | ||
| 020 | _a186081560X | ||
| 035 | _a(Sirsi) u119716 | ||
| 050 | _a690 | ||
| 100 | _aBlackmore, P. | ||
| 245 | _aSlate and tile roofs : avoiding damage from aircraft wake vortices | ||
| 260 |
_aLondon _bCRC _c2002 |
||
| 300 |
_a12p. _bill. _c30cm. |
||
| 490 |
_aBRE Digest _v467 |
||
| 650 | _aAIRCRAFT WAKE VORTICES | ||
| 650 | _aBUILT ENVIRONMENT-BUILDING ELEMENTS-COMPLETE BUILDING ELEMENTS-ROOFS | ||
| 650 | _aSLATE ROOFS | ||
| 650 | _aTILES | ||
| 650 | _aWIND DAMAGE | ||
| 690 | _aBUILT ENVIRONMENT-CONSTRUCTION DESIGN | ||
| 942 | _n0 | ||
| 999 |
_c102370 _d102370 |
||